[Event "Muret op Seniors"]
[Site "Muret"]
[Date "2016.06.26"]
[Round "7"]
[White "Fora, Jean Paul"]
[Black "Bardin, Michel"]
[Result "1/2-1/2"]
[WhiteElo "1560"]
[BlackElo "1394"]
[PlyCount "68"]
[EventDate "2016.06.20"]
[EventType "swiss"]
[EventRounds "7"]
[EventCountry "FRA"]
[SourceTitle "EXT 2017"]
[Source "ChessBase"]
[SourceDate "2016.10.25"]
[SourceVersion "1"]
[SourceVersionDate "2016.10.25"]
[SourceQuality "1"]

1. b4 e5 2. Bb2 Bxb4 3. Bxe5 Nf6 4. Nf3 0-0 5. e3 d5 6. c4 c5 7. Bb2 Bg4 8. Be2 Bxf3 9. Bxf3 Nc6 10. cxd5 Nxd5 11. Nc3 Nxc3 12. Bxc3 Bxc3 13. dxc3 Qf6 14. Qc1 Rac8 15. 0-0 b6 16. Rd1 Rfd8 17. Bxc6 Rxc6 18. Qc2 Rcd6 19. Kf1 g6 20. Ke2 h5 21. Rxd6 Rxd6 22. Rd1 Rxd1 23. Kxd1 Qd6+ 24. Qd2 Qxd2+ 25. Kxd2 f5 26. Kd3 b5 27. f4 Kf7 28. e4 fxe4+ 29. Kxe4 Ke6 30. g3 a6 31. h3 a5 32. g4 h4 33. f5+ gxf5+ 34. gxf5+ Kf6 1/2-1/2

[Event "Muret op Seniors"]
[Site "Muret"]
[Date "2016.06.23"]
[Round "4"]
[White "Bardin, Michel"]
[Black "Le Digabel, Patrick"]
[Result "0-1"]
[WhiteElo "1394"]
[BlackElo "1475"]
[PlyCount "76"]
[EventDate "2016.06.20"]
[EventType "swiss"]
[EventRounds "7"]
[EventCountry "FRA"]
[SourceTitle "EXT 2017"]
[Source "ChessBase"]
[SourceDate "2016.10.25"]
[SourceVersion "1"]
[SourceVersionDate "2016.10.25"]
[SourceQuality "1"]

1. c4 Nf6 2. g3 g6 3. Bg2 Bg7 4. e4 d6 5. Ne2 Bg4 6. h3 Bc8 7. Nbc3 e5 8. d4 exd4 9. Nxd4 0-0 10. 0-0 Re8 11. Re1 Nbd7 12. Rb1 Ne5 13. b3 Rb8 14. f4 Nc6 15. Nxc6 bxc6 16. Bb2 Bb7 17. Qc2 c5 18. Rbd1 Qc8 19. Kh2 Re7 20. Re2 Qf8 21. Nd5 Bxd5 22. cxd5 Nd7 23. Bxg7 Qxg7 24. Qb2 Qxb2 25. Rxb2 Nb6 26. a4 Nxa4 27. Re2 Nc3 28. Rdd2 Nxe2 29. Rxe2 Rxb3 30. Ra2 Rb7 31. Bf3 Re8 32. e5 Rb3 33. Bd1 Rd3 34. Ba4 Re7 35. Rb2 dxe5 36. Rc2 Rxd5 37. Bc6 Rd6 38. Rxc5 e4 0-1

[Event "Muret op Seniors"]
[Site "Muret"]
[Date "2016.06.21"]
[Round "2"]
[White "Bardin, Michel"]
[Black "Lecoultre, Patrick"]
[Result "0-1"]
[WhiteElo "1394"]
[BlackElo "1672"]
[PlyCount "40"]
[EventDate "2016.06.20"]
[EventType "swiss"]
[EventRounds "7"]
[EventCountry "FRA"]
[SourceTitle "EXT 2017"]
[Source "ChessBase"]
[SourceDate "2016.10.25"]
[SourceVersion "1"]
[SourceVersionDate "2016.10.25"]
[SourceQuality "1"]

1. c4 Nf6 2. Nc3 g6 3. e4 d6 4. d4 Bg7 5. Be2 0-0 6. f4 b6 7. Nf3 Bb7 8. Qc2 e6 9. 0-0 c5 10. e5 dxe5 11. dxe5 Ng4 12. h3 Nh6 13. Be3 Nf5 14. Bf2 Nc6 15. Ne4 Ncd4 16. Nxd4 Nxd4 17. Bxd4 Qxd4+ 18. Nf2 Qxf4 19. Nd3 Qg5 20. Qc1 Qxg2# 0-1